Pays du monde en 2 minutes - Statistiques

Statistiques générales
  • Ce quiz a été pris 535 fois
  • Le résultat moyen est 49 sur 196
Réponses sur la Carte
Les réponses sont colorées sur une échelle allant du rouge au vert en fonction du pourcentage des utilisateurs qui les ont devinées à leur premier essai. Vous pouvez retrouver ces pourcentages ci-dessous.
 
Statistiques - réponses
Pays % Correct
France
89%
Brésil
83%
Canada
83%
États-Unis
83%
Russie
81%
Espagne
80%
Chine
77%
Mexique
76%
Argentine
70%
Italie
70%
Portugal
69%
Suède
68%
Australie
66%
Chili
65%
Finlande
63%
Inde
62%
Maroc
62%
Allemagne
61%
Norvège
61%
Royaume-Uni
60%
Islande
59%
Algérie
57%
Danemark
57%
Pérou
57%
Irlande
55%
Japon
54%
Suisse
51%
Belgique
48%
Bolivie
46%
Colombie
45%
Tunisie
45%
Uruguay
44%
Pologne
43%
Ukraine
43%
Venezuela
43%
Iran
42%
Cuba
41%
Turquie
41%
Mongolie
40%
République Démocratique du Congo
40%
Irak
39%
Égypte
38%
Paraguay
38%
République du Congo
38%
Libye
37%
Panama
36%
Estonie
35%
Grèce
34%
Lettonie
34%
Mali
34%
Pays-Bas
34%
Afrique du Sud
33%
Lituanie
33%
Autriche
31%
Équateur
31%
Togo
30%
Indonésie
29%
Monaco
29%
Croatie
28%
Hongrie
27%
Laos
27%
Honduras
26%
Oman
26%
Suriname
26%
Vatican
26%
Yémen
26%
Andorre
25%
Costa Rica
25%
Guyana
25%
Corée du Sud
24%
Haïti
24%
Malte
24%
Nouvelle-Zélande
24%
Corée du Nord
23%
Guatemala
23%
Madagascar
23%
Pakistan
23%
Roumanie
23%
Soudan
23%
Jamaïque
22%
Liban
22%
Nicaragua
22%
Slovénie
22%
Syrie
22%
Albanie
21%
Belize
21%
Angola
20%
Biélorussie
20%
Niger
20%
Sénégal
20%
Somalie
20%
Viêt Nam
20%
Arabie Saoudite
19%
Bahamas
19%
Ghana
19%
Israël
19%
Salvador
19%
Serbie
19%
Slovaquie
19%
Bénin
18%
Bulgarie
18%
Luxembourg
18%
Bosnie-Herzégovine
17%
Chypre
17%
Fidji
17%
Népal
17%
Nigeria
17%
Thaïlande
17%
Émirats Arabes Unis
16%
Guinée
16%
Kosovo
16%
Moldavie
16%
Qatar
16%
Éthiopie
15%
Saint-Marin
15%
Cambodge
14%
Malaisie
14%
Sri Lanka
14%
Tchad
14%
Gabon
13%
Kenya
13%
Mauritanie
13%
République Dominicaine
13%
République Tchèque
13%
Tonga
13%
Vanuatu
13%
Kazakhstan
12%
Koweït
12%
Namibie
12%
Taïwan
12%
Barbade
11%
Bhoutan
11%
Birmanie
11%
Liechtenstein
11%
Maldives
11%
Monténégro
11%
Nauru
11%
Tuvalu
11%
Zambie
11%
Cameroun
10%
Comores
10%
Dominique
10%
Grenade
10%
Macédoine du Nord
10%
Palaos
10%
Soudan du Sud
10%
Tanzanie
10%
Jordanie
9%
Philippines
9%
Samoa
9%
Afghanistan
8%
Arménie
8%
Bahreïn
8%
Brunei
8%
Cap-Vert
8%
Djibouti
8%
Érythrée
8%
Géorgie
8%
Kiribati
8%
Mozambique
8%
Papouasie-Nouvelle- Guinée
8%
Sainte-Lucie
8%
Sao Tomé-et-Principe
8%
Trinité-et-Tobago
8%
Bangladesh
7%
Burkina Faso
7%
Côte d'Ivoire
7%
Eswatini
7%
Îles Salomon
7%
Lesotho
7%
Maurice
7%
Saint-Vincent-et-les- Grenadines
7%
Singapour
7%
Antigua-et-Barbuda
6%
États Fédérés de Micronésie
6%
Rwanda
6%
Seychelles
6%
Zimbabwe
6%
Botswana
5%
Burundi
5%
Gambie
5%
Îles Marshall
5%
Liberia
5%
République Centrafricaine
5%
Saint-Christophe- et-Niévès
5%
Guinée-Bissau
4%
Guinée Équatoriale
4%
Kirghizistan
4%
Malawi
4%
Ouganda
4%
Ouzbékistan
4%
Tadjikistan
4%
Timor Oriental
4%
Turkménistan
4%
Azerbaïdjan
2%
Sierra Leone
2%
Aucun quiz correspondant
Distribution des résultats
% des personnes avec chaque résultat
Percentile par nombre de réponses
Votre historique - résultats
Vous n’avez pas pris ce quiz